01254 2200361 4500001002100000005001500021035002000036007000300056008004100059020002200100040002200122082001400144084001600158090002000174090002200194090002000216100003700236245016400273300006100437700002900498700002300527700007000550850001200620504003300632651002600665264006300691336002100754337003000775338002300805999002200828990002200850990002000872INLIS00000000085620220200713084128 a0010-0720000415ta200713s2019 yoia g s 0 ind d a978-979-8971-99-0 aYOPDYOGbinderda04223a387.1 a387.1 DWI k aDEP 387.1 DWI k aCB-D.11 2019-2949 aCOE 387.1 DWI k0 aDwi Ratna NurhajariniePengarang1 aKota pelabuhan Semarang dalam kuasa kolonial :bimplikasi sosial budaya kebijakan maritim, tahun 1800an-1940an /cDwi Ratna Nurhajarini, Indra Fibiona, Suwarno axi, 170 halaman :bilustrasi, foto, tabel, peta ;c23 cm0 aIndra FibionaePengarang0 aSuwarnoePengarang0 aYogyakarta. Balai Pelestarian Nilai BudayaeBadan Penanggungjawab aYOPDYOG aBibliografi: halaman 155-170 4aSemarang--xPelabuhan31aYogyakarta :bBalai Pelestarian Nilai Budaya (BPNB),c2019 2rdacontentateks 2rdamediaatanpa perantara 2rdacarrieravolume aCB-D.11/2019-2949 aCB-D.11/2019-2949 a66583-PD/A.2020